| 000 | 00460nam a22001937a 4500 | ||
|---|---|---|---|
| 003 | CEME | ||
| 005 | 20210628202146.0 | ||
| 008 | 210226b xxu||||| |||| 00| 0 eng d | ||
| 020 | _a0-7506-4932-1 | ||
| 040 | _c. | ||
| 082 | _a621.381 SIN | ||
| 100 |
_aSinclair, Ian R _958512 |
||
| 245 | _aSensors and transducers | ||
| 250 | _a3RD | ||
| 260 |
_aOXFORD _bNEWNES _c2001 |
||
| 300 | _aXIV,306P | ||
| 650 |
_aSENSORS TRANSDUCERS _958513 |
||
| 942 |
_cBK _2ddc |
||
| 999 |
_c568700 _d568700 |
||